Высоковольтные выключатели в цепях постоянного тока; Проблемы геологии и освоения недр; Т. 2

Dettagli Bibliografici
Parent link:Боев, А. С. (химик ; 1981-). Проблемы геологии и освоения недр=Problems of Geology and Subsurface Development: труды XXVII Международного молодежного научного симпозиума имени академика М.А. Усова, посвященного 160-летию со дня рождения академика В.А. Обручева и 140-летию академика М.А. Усова, основателям Сибирской горно-геологической школы, 3-7 апреля 2023 г., г. Томск/ Национальный исследовательский Томский политехнический университет, Инженерная школа природных ресурсов ; гл. ред. А. С. Боев ; под ред. Е. Ю. Пасечник.— .— Томск: Изд-во ТПУ, 2023
Т. 2.— 2023.— С. 250-251
Autore principale: Чекушин А. С.
Ente Autore: Национальный исследовательский Томский политехнический университет Инженерная школа природных ресурсов Отделение нефтегазового дела
Altri autori: Уфа Р. А. Руслан Александрович
Riassunto:Заглавие с экрана
Текстовый файл
Lingua:russo
Pubblicazione: 2023
Serie:Энергоснабжение и автоматизация объектов нефтегазовой промышленности
Soggetti:
Accesso online:http://earchive.tpu.ru/handle/11683/77805
Natura: MixedMaterials Elettronico Capitolo di libro
KOHA link:https://koha.lib.tpu.ru/cgi-bin/koha/opac-detail.pl?biblionumber=671708

MARC

LEADER 00000naa2a2200000 4500
001 671708
005 20240403095744.0
090 |a 671708 
100 |a 20240321d2023 k||y0rusy50 ca 
101 0 |a rus 
102 |a RU 
135 |a drcn ---uucaa 
200 1 |a Высоковольтные выключатели в цепях постоянного тока  |f А. С. Чекушин  |g науч. рук. Р. А. Уфа. ; Национальный исследовательский Томский политехнический университет 
225 1 |a Энергоснабжение и автоматизация объектов нефтегазовой промышленности 
300 |a Заглавие с экрана 
320 |a Библиография: с. 251 
336 |a Текстовый файл 
461 1 |0 669747  |t Проблемы геологии и освоения недр  |l Problems of Geology and Subsurface Development  |o труды XXVII Международного молодежного научного симпозиума имени академика М.А. Усова, посвященного 160-летию со дня рождения академика В.А. Обручева и 140-летию академика М.А. Усова, основателям Сибирской горно-геологической школы, 3-7 апреля 2023 г., г. Томск  |f Национальный исследовательский Томский политехнический университет, Инженерная школа природных ресурсов ; гл. ред. А. С. Боев ; под ред. Е. Ю. Пасечник  |d 2023  |9 669747  |a Боев, А. С. (химик ; 1981-)  |c Томск  |n Изд-во ТПУ 
463 1 |0 669760  |t Т. 2  |v С. 250-251  |d 2023  |9 669760  |p 1 файл (8,2 MB, 263 с.)  |u conference_tpu-2023-C11_V2.pdf 
610 1 |a труды учёных ТПУ 
610 1 |a электронный ресурс 
610 1 |a нефтяные месторождения 
610 1 |a энергосистемы MicroGrid 
610 1 |a генерирующие объекты 
610 1 |a потребители электроэнергии 
610 1 |a дизель-генераторы 
610 1 |a ветроустановки 
610 1 |a солнечные станции 
610 1 |a кустовые площадки 
610 1 |a сети переменного тока 
700 1 |a Чекушин  |b А. С. 
702 1 |a Уфа  |b Р. А.  |c специалист в области электроэнергетики  |c доцент Томского политехнического университета, кандидат технических наук  |f 1988-  |g Руслан Александрович  |9 14658 
712 0 2 |a Национальный исследовательский Томский политехнический университет  |b Инженерная школа природных ресурсов  |b Отделение нефтегазового дела  |9 28343 
801 0 |a RU  |b 63413507  |c 20240321  |g RCR 
850 |a 63413507 
856 4 |u http://earchive.tpu.ru/handle/11683/77805  |z http://earchive.tpu.ru/handle/11683/77805 
942 |c CF